On This Day: June 3rd II Quiz Stats

 Plays Quiz Updated Jun 3, 2018

Score 0/7 Timer 03:00
0 Plays Today
Question Answer Wrong Answers
This film directed by Penny Marshall, about a boy who ages to adulthood overnight, premieres in the US, leading to the first Oscar nomination for Tom Hanks.
1988
Big
94%
Splash
1.7%
The Money Pit
1.2%
The 'Burbs
1.1%
This Spanish tennis player, widely regarded as the greatest clay-court player in history, is born.
1986
Rafael Nadal
80%
Roger Federer
15.6%
Novak Djokovic
1.6%
Andy Murray
1.1%
A landmark decision in the ‘Mabo v Queensland (No 2)’ case grants Indigenous peoples in ______ greater land rights.
1992
Australia
79.2%
Canada
2.5%
New Zealand
14.6%
Brazil
1.7%
This New Zealand singer releases her popular debut single ‘Royals’, which eventually wins a Grammy Award for Song of the Year.
2013
Lorde
77.8%
Sia
10.4%
Lana Del Rey
8%
Charli XCX
1.6%
As part of American Bicentennial celebrations, representatives from the United Kingdom present the US Congress with the oldest-known copy of this historical document (on a one-year loan).
1976
Magna Carta
71.8%
Code of Hammurabi
1.1%
Bill of Rights
10.8%
Mayflower Compact
15.2%
Near Mount Rushmore, Korczak Ziolkowski begins his mountain monument sculpture of the Lakota leader ______.
1948
Crazy Horse
60.2%
Sitting Bull
33.2%
Red Cloud
1.9%
Chief Joseph
4.5%
Dubbed the ‘Paul Revere of the South’, Jack Jouett begins his midnight ride to warn this future President, then the governor of Virginia, of an impending British raid.
1781
Thomas Jefferson
52.5%
George Washington
24.9%
John Adams
9.1%
James Madison
13.5%

You're not logged in!

Compare scores with friends on all Sporcle quizzes.
OR
Log In

Sporcle TV

Today on Sporcle TV


Watch our educational content, quiz creation guides, and fun videos on Sporcle TV.

Show Comments

Extras

Top Quizzes Today


Score Distribution

Your Account Isn't Verified!

In order to create a playlist on Sporcle, you need to verify the email address you used during registration. Go to your Sporcle Settings to finish the process.

Report this User

Report this user for behavior that violates our Community Guidelines.

Details: